LEADER 01050nam a2200277 i 4500 001 991000366409707536 005 20020509165534.0 008 971112s1924 uk ||| | grc 035 $ab11347107-39ule_inst 035 $aPARLA206790$9ExL 040 $aDip.to Scienze dell'Antichità$bita 082 0 $a882.01 100 1 $aSophocles$0439098 245 10$aSophoclis fabulae /$crecognovit brevique adnotatione critica instruxit A. C. Pearson 260 $aOxonii :$bE Typographeo Clarendoniano,$c1924 (ristampa 1975) 300 $apagin. varia ;$c20 cm. 490 0 $aScriptorum classicorum bibliotheca Oxoniensis 500 $aTesto in greco antico, introduzione e note in latino. 700 1 $aPearson, A. C. 740 0 $aFabulae 907 $a.b11347107$b01-03-17$c01-07-02 912 $a991000366409707536 945 $aLE015 BIBL. OXON. SOPHOCLES 1$g1$i2015000005052$lle007$o-$pE0.00$q-$rn$so $t0$u1$v0$w1$x0$y.i11522793$z01-07-02 996 $aFabulae$918713 997 $aUNISALENTO 998 $ale007$b01-01-97$cm$da $e-$fgrc$guk $h0$i1